| 000 | 00600cam a2200145 4500500 | ||
|---|---|---|---|
| 005 | 20260201082612.0 | ||
| 041 | _afre | ||
| 042 | _adc | ||
| 100 | 1 | 0 |
_aLaberge, Yves _eauthor |
| 245 | 0 | 0 | _aMax Weber, Rudolf Stammler et le matérialisme historique, Québec et Paris, Les Presses de l’Université Laval et Les Éditions du Cerf, 2003 [1907], 198 p. |
| 260 | _c2005. | ||
| 500 | _a2 | ||
| 786 | 0 | _nL'Homme & la Société | 156-157 | 2 | 2005-06-01 | p. 199f-216f | 0018-4306 | |
| 856 | 4 | 1 | _uhttps://shs.cairn.info/revue-l-homme-et-la-societe-2005-2-page-199f?lang=fr&redirect-ssocas=7080 |
| 999 |
_c1640300 _d1640300 |
||